|
|
|
|
| LEADER |
00000nam a2200000Ii 4500 |
| 001 |
DIGITESO0158 |
| 003 |
NyNyDIG |
| 006 |
m o d |
| 007 |
cr ||||||||||| |
| 008 |
240915s2023 mx a ob 000 0 spa d |
| 035 |
|
|
|a (OCoLC)1439307035
|
| 040 |
|
|
|a DGITA
|b eng
|e rda
|e pn
|c DGITA
|
| 020 |
|
|
|a 9786078910366
|q eBook
|
| 020 |
|
|
|z 9786078910373
|
| 043 |
|
|
|a n-mx---
|a s-uy---
|a e-sp---
|
| 050 |
1 |
4 |
|a HV1451 ebook
|
| 245 |
0 |
0 |
|a Cuidado colectivo y personas mayores :
|b estudios de caso en México, España y Uruguay /
|c Rocío Enríquez Rosas, coordinadora.
|
| 250 |
|
|
|a 1a. edición.
|
| 264 |
|
1 |
|a Guadalajara :
|b ITESO, Universidad Jesuita de Guadalajara,
|c 2023.
|
| 300 |
|
|
|a 1 online resource :
|b illustrations.
|
| 336 |
|
|
|a text
|b txt
|2 rdacontent
|
| 337 |
|
|
|a computer
|b c
|2 rdamedia
|
| 338 |
|
|
|a online resource
|b cr
|2 rdacarrier
|
| 347 |
|
|
|a text file
|2 rdaft
|
| 347 |
|
|
|b EPUB
|
| 504 |
|
|
|a Includes bibliographical references.
|
| 588 |
0 |
|
|a Online resource; title from ePub title page (Digitalia, viewed September 15, 2024)
|
| 650 |
|
0 |
|a Older people
|x Care
|z Mexico.
|
| 650 |
|
0 |
|a Older people
|x Care
|z Uruguay.
|
| 650 |
|
0 |
|a Older people
|x Care
|z Spain.
|
| 700 |
1 |
|
|a Enríquez Rosas, Rocío,
|e editor.
|
| 776 |
0 |
8 |
|i Print version:
|t Cuidado colectivo y personas mayores.
|b 1a. edición.
|d Guadalajara : ITESO, Universidad Jesuita de Guadalajara, 2023
|z 9786078910373
|
| 791 |
2 |
|
|a Digitalia (Firm),
|e distributor.
|
| 793 |
0 |
|
|g Digitalia eBook Collection:
|a Instituto Tecnológico y de Estudios Superiores de Occidente (ITESO)
|
| 856 |
4 |
0 |
|3 Digitalia Hispánica
|u https://www.digitaliapublishing.com/a/157234/
|
| 910 |
|
|
|a Premium collection: 2024
|